000 00463nam a2200181Ia 4500
001 12967
005 20260306163019.0
008 260306t2008||||xx |||||||||||||| ||spa||
041 _aESP
082 _aRD 495.1
_bD73
100 _aEditorial Shangwu Yinshuguan
_eAUT
245 0 _aDiccionario conciso español - chino, chino - español
260 _c2008
300 _a728 páginas :
_c16 cm.
650 _aGEN
654 _aCHU
942 _cDIC
_dJUS
_fJUS
_2ddc
_n
999 _c12967
_d12967